000 01251cam a22002651 4500
001 gs 28000288
003 DLC
005 20260227111332.0
008 780303s1927 xx 000 0 eng c
010 _ags 28000288
035 _a(OCoLC)3687410
040 _aLibrary, U.S. Geological Survey
_cOT
_dTxU
_dDLC
042 _apremarc
050 0 0 _aQE105
_b.A16
100 1 _aMylius, Louis Aubrey,
_d1890-
245 1 0 _aOil and gas development and possibilities in east-central Illinois.
_b(Clark, Coles, Douglas, Edgar and parts of adjoining counties)
_cBy L. A. Mylius. Printed by authority of the state of Illinois.
260 _aUrbana, Ill.
_a[Springfield,
_bJeffersons printing & stationery co.]
_c1927.
300 _a205 p. incl. illus., tables, diagrs.
_bXXXI fold. pl. (incl. maps, plans, diagrs., pl., XXI-XXXI in separate portfolio) fold. tables.
_c26 cm.
490 1 _aIllinois. State geological survey. Bulletin
_vno. 54
500 _aAt head of title: State of Illinois. Department of registration and education. Division of the state geological survey.
504 _aBibliographical footnotes.
650 0 _aPetroleum
_zIllinois.
650 0 _aNatural gas
_zIllinois.
830 0 _aBulletin (Illinois State Geological Survey) ;
_vno. 54.
999 _c26657
_d26657